[Event "ICS rated blitz match"]
[Site "204.178.125.65"]
[Date "2001.08.31"]
[Round "?"]
[White "nyul"]
[Black "Hossa"]
[Result "0-1"]
[WhiteElo "2097"]
[BlackElo "2618"]
[PlyCount "91"]
[EventDate "2001.??.??"]

1. e4 e6 2. d4 d5 3. exd5 exd5 4. Bd3 Bd6 5. Nf3 Nf6 6. O-O O-O 7. Bg5 Re8 8.
Nbd2 Bg4 9. c3 Nbd7 10. Qc2 Qb8 11. Rfe1 Rxe1+ 12. Rxe1 Qf8 13. Ne5 Re8 14.
Ndf3 Bxf3 15. Nxf3 Rxe1+ 16. Nxe1 Qe8 17. Qe2 Qxe2 18. Bxe2 h6 19. Bc1 Kf8 20.
Nd3 Ke7 21. f3 Ke6 22. g3 c6 23. Nf4+ Bxf4 24. Bxf4 Nb6 25. b3 g5 26. Bd2 Nc8
27. Kf2 Nd6 28. a4 Nd7 29. f4 Ne4+ 30. Ke3 gxf4+ 31. gxf4 Ndf6 32. Be1 Kf5 33.
h3 c5 34. Bd3 cxd4+ 35. cxd4 Nh5 36. Bb5 Nxf4 37. Bd7+ Ne6 38. Bc8 Nd6 39. Bd7
Kg5 40. h4+ Kg4 41. Bb4 Nf5+ 42. Kd3 Nfxd4 43. Be7 Nf5 44. Bd8 Nc5+ 45. Kc3
Nxd7 46. Kd3 {nyul resigns} 0-1

[Event "ICS rated blitz match"]
[Site "204.178.125.65"]
[Date "2001.08.31"]
[Round "?"]
[White "MelRose21"]
[Black "Hossa"]
[Result "0-1"]
[WhiteElo "2162"]
[BlackElo "2590"]
[PlyCount "30"]
[EventDate "2001.??.??"]

1. e4 e6 2. d4 d5 3. exd5 exd5 4. Nf3 Bg4 5. Bd3 Qe7+ 6. Be3 Qb4+ 7. Nbd2 Qxb2
8. Rb1 Qxa2 9. Rxb7 Bd6 10. O-O Nc6 11. Bb5 Nge7 12. h3 Bc8 13. Bxc6+ Nxc6 14.
Rb5 Ba6 15. Rxd5 Qxd5 {MelRose21 resigns} 0-1

[Event "ICS rated blitz match"]
[Site "204.178.125.65"]
[Date "2001.08.31"]
[Round "?"]
[White "Hossa"]
[Black "MelRose21"]
[Result "1-0"]
[WhiteElo "2593"]
[BlackElo "2159"]
[PlyCount "89"]
[EventDate "2001.??.??"]

1. e4 d5 2. exd5 Qxd5 3. Nf3 Nf6 4. Nc3 Qa5 5. Bc4 c6 6. O-O Bg4 7. h3 Bxf3 8.
Qxf3 e6 9. d3 Be7 10. Qg3 O-O 11. Bh6 Nh5 12. Qg4 Kh8 13. Be3 Nf6 14. Qf4 Nbd7
15. Bd2 Qe5 16. Qxe5 Nxe5 17. Bb3 Rfd8 18. a3 Nd5 19. Nxd5 exd5 20. Rfe1 Bf6
21. d4 Ng6 22. c3 Kg8 23. g3 Re8 24. Kg2 Nf8 25. f4 h5 26. Kf3 g6 27. Bc2 Nd7
28. g4 hxg4+ 29. hxg4 Kg7 30. g5 Be7 31. Rh1 Rh8 32. Rae1 Rxh1 33. Rxh1 Bd6 34.
f5 b5 35. fxg6 fxg6 36. Bxg6 Rf8+ 37. Kg2 Bf4 38. Bxf4 Rxf4 39. Bd3 Nf8 40. Rh6
Rg4+ 41. Kf3 Rxg5 42. Rxc6 Rg6 43. Rc7+ Kh6 44. Bxg6 Nxg6 45. Rxa7 {
MelRose21 resigns} 1-0

[Event "ICS rated blitz match"]
[Site "204.178.125.65"]
[Date "2001.08.31"]
[Round "?"]
[White "Hossa"]
[Black "MelRose21"]
[Result "1-0"]
[WhiteElo "2597"]
[BlackElo "2155"]
[PlyCount "83"]
[EventDate "2001.??.??"]

1. e4 d5 2. exd5 Qxd5 3. Nf3 Qa5 4. Bc4 c6 5. O-O Nf6 6. d4 Bg4 7. h3 Bxf3 8.
Qxf3 e6 9. Qg3 Nbd7 10. Bd2 Qd8 11. Bd3 Nb6 12. c3 Bd6 13. Qxg7 Rg8 14. Qh6 Be7
15. g3 Nbd7 16. Re1 Qc7 17. Bf4 Bd6 18. Bxd6 Qxd6 19. Rd1 O-O-O 20. Na3 Qd5 21.
Nc4 Qf3 22. Nd6+ Kb8 23. Nxf7 Rdf8 24. Ng5 Qd5 25. f4 Ka8 26. Re1 Re8 27. Bxh7
Nxh7 28. Qxh7 Rh8 29. Rxe6 Rxh7 30. Rxe8+ Nb8 31. Nxh7 Qf3 32. Ng5 Qxg3+ 33.
Kh1 Qxf4 34. Rg1 a5 35. Ne4 Qf3+ 36. Kh2 Qe2+ 37. Rg2 Qf3 38. Rf2 Qe3 39. Rff8
Qe2+ 40. Nf2 Qh5 41. Re5 Qh6 42. Rxa5# {MelRose21 checkmated} 1-0

[Event "ICS rated blitz match"]
[Site "204.178.125.65"]
[Date "2001.08.31"]
[Round "?"]
[White "MelRose21"]
[Black "Hossa"]
[Result "0-1"]
[WhiteElo "2153"]
[BlackElo "2599"]
[PlyCount "44"]
[EventDate "2001.??.??"]

1. e4 e6 2. d4 d5 3. Nc3 Bb4 4. exd5 exd5 5. a3 Bxc3+ 6. bxc3 Ne7 7. Nf3 O-O 8.
Bd3 c5 9. dxc5 Nd7 10. c6 bxc6 11. O-O Nb6 12. Ng5 h6 13. Qh5 Nf5 14. Nh3 Qh4
15. Qf3 Nd6 16. Bf4 Ne4 17. Bg3 Qe7 18. Rfe1 Bxh3 19. Bxe4 dxe4 20. Rxe4 Be6
21. Rae1 Qxa3 22. h4 Bd5 {MelRose21 resigns} 0-1

[Event "ICS rated blitz match"]
[Site "204.178.125.65"]
[Date "2001.08.31"]
[Round "?"]
[White "Hossa"]
[Black "MelRose21"]
[Result "1-0"]
[WhiteElo "2601"]
[BlackElo "2151"]
[PlyCount "89"]
[EventDate "2001.??.??"]

1. e4 d5 2. exd5 Qxd5 3. Nc3 Qa5 4. d4 c6 5. Nf3 Nf6 6. Bc4 Bg4 7. O-O e6 8. h3
Bxf3 9. Qxf3 Be7 10. Qg3 O-O 11. Bh6 Nh5 12. Qg4 Kh8 13. Bd2 Nf6 14. Qf4 Qd8
15. Qh4 Nd5 16. Qe4 Nxc3 17. Bxc3 Nd7 18. Bd3 Nf6 19. Qh4 g6 20. Bd2 Nd5 21.
Qg3 Bd6 22. Qg4 Nf6 23. Qf3 Kg7 24. c3 Be7 25. Qe3 Ng8 26. Qe5+ Bf6 27. Qg3 Qb6
28. b4 Rad8 29. Bf4 Rd7 30. h4 h5 31. Be2 Kh7 32. Qh2 a5 33. a3 axb4 34. axb4
Qd8 35. b5 Bxh4 36. bxc6 bxc6 37. Bf3 Rd5 38. Bxd5 cxd5 39. Rfb1 Bg5 40. Bxg5
Qxg5 41. Rb8 Rxb8 42. Qxb8 Qd2 43. Ra8 Qc1+ 44. Kh2 Qf4+ 45. Qxf4 {
MelRose21 resigns} 1-0

[Event "ICS rated blitz match"]
[Site "204.178.125.65"]
[Date "2001.08.31"]
[Round "?"]
[White "Hossa"]
[Black "Tinker"]
[Result "1/2-1/2"]
[WhiteElo "2603"]
[BlackElo "2485"]
[PlyCount "171"]
[EventDate "2001.??.??"]

1. e4 c5 2. Nf3 e6 3. d4 cxd4 4. Nxd4 d6 5. Nc3 Nc6 6. Be3 Nge7 7. Be2 Nxd4 8.
Qxd4 Nc6 9. Qd2 Be7 10. O-O-O Qa5 11. a3 a6 12. Na2 Qxd2+ 13. Bxd2 O-O 14. Bf4
Rd8 15. Rd2 Kh8 16. Rhd1 f5 17. exf5 e5 18. Be3 Bxf5 19. Nc3 Rac8 20. Nd5 Rf8
21. Nxe7 Nxe7 22. Bf3 e4 23. Be2 d5 24. c3 Be6 25. Rf1 Nf5 26. Rdd1 Nh4 27. Rg1
Nf5 28. Kd2 Rf6 29. Rgf1 Rg6 30. g3 Bd7 31. Kc2 Nxe3+ 32. fxe3 Be6 33. Kd2 Kg8
34. b3 Rf8 35. Rc1 Rgf6 36. Rf4 Rxf4 37. gxf4 Ra8 38. Rg1 Kf7 39. Bg4 Bxg4 40.
Rxg4 b6 41. Kc2 Rf8 42. Rg1 Kf6 43. Rd1 Ke6 44. Rd4 Re8 45. Kd2 b5 46. c4 Rd8
47. Ke2 Rd6 48. cxd5+ Rxd5 49. Rxe4+ Kf7 50. a4 Rh5 51. Kd3 Rxh2 52. axb5 axb5
53. Re5 b4 54. Rb5 h5 55. Rxb4 h4 56. Rb7+ Kf6 57. Rb6+ Kf7 58. Rb8 Rb2 59. Rh8
Rxb3+ 60. Kd4 g5 61. fxg5 Kg6 62. e4 Kxg5 63. e5 Rb4+ 64. Kc5 Rb3 65. e6 Re3
66. Kd6 Rxe6+ 67. Kxe6 Kg4 68. Ke5 h3 69. Rf8 h2 70. Rg8+ Kh3 71. Rh8+ Kg3 72.
Ke4 Kg2 73. Rg8+ Kh3 74. Rh8+ Kg3 75. Rh7 Kg2 76. Rg7+ Kh3 77. Rh7+ Kg3 78. Ke3
Kg2 79. Rg7+ Kh1 80. Rf7 Kg2 81. Rf2+ Kh3 82. Rf3+ Kg4 83. Rf4+ Kg3 84. Rf1 Kg2
85. Rh1 Kxh1 86. Kf2 {Tinker stalemated} 1/2-1/2

[Event "ICS rated blitz match"]
[Site "204.178.125.65"]
[Date "2001.08.31"]
[Round "?"]
[White "Logofet"]
[Black "Hossa"]
[Result "1-0"]
[WhiteElo "2392"]
[BlackElo "2598"]
[PlyCount "71"]
[EventDate "2001.??.??"]

1. d4 e6 2. c4 Nf6 3. Nc3 d5 4. cxd5 exd5 5. Bg5 Be7 6. e3 O-O 7. Bd3 Be6 8.
Nge2 Nc6 9. O-O Nb4 10. Bb1 Ng4 11. Bf4 Qd7 12. a3 Nc6 13. b4 Rfe8 14. h3 Nf6
15. Bh2 Bd6 16. Nf4 Ne7 17. Nxe6 Bxh2+ 18. Kxh2 fxe6 19. Qd3 a5 20. b5 Nf5 21.
f4 Rac8 22. g4 Nd6 23. Qe2 c6 24. g5 cxb5 25. gxf6 Rxc3 26. Rg1 g6 27. Bxg6
hxg6 28. Rxg6+ Kf8 29. Qh5 Rc2+ 30. Kh1 Rc1+ 31. Rxc1 e5 32. Rcg1 Qxh3+ 33.
Qxh3 Nf5 34. Qxf5 exd4 35. Rg8+ Kf7 36. R1g7# {Hossa checkmated} 1-0

[Event "ICS rated blitz match"]
[Site "204.178.125.65"]
[Date "2001.08.31"]
[Round "?"]
[White "celik"]
[Black "Hossa"]
[Result "0-1"]
[WhiteElo "2265"]
[BlackElo "2573"]
[PlyCount "80"]
[EventDate "2001.??.??"]

1. c4 e6 2. e4 Nc6 3. d4 Qh4 4. Nc3 Bb4 5. Qd3 f5 6. Bd2 fxe4 7. Qe3 Nh6 8.
Nge2 Ng4 9. Qg3 Qxg3 10. hxg3 Bxc3 11. bxc3 O-O 12. Be3 e5 13. Rd1 exd4 14.
cxd4 Nb4 15. Nc3 Nc2+ 16. Kd2 Ncxe3 17. fxe3 Nf2 18. Be2 d6 19. Rb1 Nxh1 20.
Rxh1 Bf5 21. Nd5 Rf7 22. g4 Be6 23. Nc3 Rf2 24. Nxe4 Rxg2 25. Kd3 Rxe2 26. Kxe2
Bxc4+ 27. Kd2 Bd5 28. Kd3 Re8 29. Rc1 Rxe4 30. Kd2 Rxg4 31. Rxc7 Rg2+ 32. Kd3
Rxa2 33. Rc3 Kf7 34. e4 Bc6 35. Ke3 Kf6 36. Rb3 Rh2 37. Rb2 Rxb2 38. Kf4 Rb3
39. Kg4 Bd7+ 40. Kh4 Rh3# {celik checkmated} 0-1

[Event "ICS Rated blitz match"]
[Site "204.178.125.65"]
[Date "2001.08.31"]
[Round "?"]
[White "Hossa"]
[Black "celik"]
[Result "1-0"]
[WhiteElo "2578"]
[BlackElo "2260"]
[PlyCount "67"]
[EventDate "2001.??.??"]

1. e4 e6 2. d4 d5 3. Nc3 Bb4 4. e5 c5 5. a3 Bxc3+ 6. bxc3 Ne7 7. h4 Qa5 8. Bd2
cxd4 9. cxd4 Qa4 10. Nf3 Nbc6 11. Bc3 Bd7 12. h5 h6 13. Be2 O-O 14. O-O Rac8
15. Rb1 b6 16. Bb5 Qxa3 17. Be1 Rfe8 18. Ra1 Qb2 19. Ba6 Rc7 20. Be2 Nf5 21.
Rb1 Qa3 22. g4 Nfe7 23. Ra1 Qb2 24. Bd3 Nb4 25. Rb1 Nxd3 26. Rxb2 Nxb2 27. Qb1
Nc4 28. Qc1 a5 29. Bd2 a4 30. Bxh6 f6 31. exf6 gxf6 32. Qf4 Kf7 33. Ng5+ Kg8
34. Qxf6 {celik resigns} 1-0

[Event "ICS rated blitz match"]
[Site "204.178.125.65"]
[Date "2001.08.31"]
[Round "?"]
[White "Bernardov"]
[Black "Hossa"]
[Result "0-1"]
[WhiteElo "2172"]
[BlackElo "2555"]
[PlyCount "28"]
[EventDate "2001.??.??"]

1. d4 e6 2. e4 d5 3. Nc3 dxe4 4. Nxe4 Be7 5. Nf3 Nf6 6. Nxf6+ Bxf6 7. Bd3 c5 8.
dxc5 Nd7 9. Be3 Bxb2 10. Rb1 Qa5+ 11. Ke2 Qxa2 12. Qd2 Qa3 13. Bb5 a6 14. Bxd7+
Bxd7 {Bernardov resigns} 0-1

[Event "ICS rated blitz match"]
[Site "204.178.125.65"]
[Date "2001.08.31"]
[Round "?"]
[White "alzatedario"]
[Black "Hossa"]
[Result "1-0"]
[WhiteElo "2068"]
[BlackElo "2560"]
[PlyCount "119"]
[EventDate "2001.??.??"]

1. e4 e6 2. d4 d5 3. e5 c5 4. c3 Bd7 5. Nf3 Qb6 6. a3 Bb5 7. b4 cxd4 8. Bxb5+
Qxb5 9. Nxd4 Qc4 10. Qe2 Qxe2+ 11. Kxe2 a6 12. Be3 Be7 13. Nd2 Nd7 14. f4 Nh6
15. h3 Rc8 16. Rhc1 b5 17. N2b3 O-O 18. a4 bxa4 19. Rxa4 Ra8 20. Rca1 Rac8 21.
Kd3 Rc4 22. Rxa6 Rfc8 23. Bd2 Nb8 24. Ra8 Kf8 25. Na5 R4c7 26. Nb5 Rd7 27. g4
Rcd8 28. Be3 d4 29. Bxd4 f5 30. g5 Nf7 31. h4 Nh8 32. h5 g6 33. h6 Nf7 34. Kc4
Re8 35. Nb3 Rdd8 36. Nc5 Rc8 37. Kb3 Bxc5 38. Bxc5+ Kg8 39. Nd6 Nxd6 40. Bxd6
Nc6 41. Rxc8 Rxc8 42. b5 Nd8 43. Ra7 Nf7 44. c4 Rd8 45. c5 Rc8 46. Kb4 Nd8 47.
Rg7+ Kh8 48. Re7 Nc6+ 49. bxc6 Kg8 50. c7 Ra8 51. Rg7+ Kh8 52. Rd7 Kg8 53. Rd8+
Kf7 54. Rf8+ Rxf8 55. Bxf8 Kxf8 56. c8=Q+ Ke7 57. c6 Kf7 58. Qd7+ Kf8 59. c7
Kg8 60. Qg7# {Hossa checkmated} 1-0

[Event "ICS rated standard match"]
[Site "204.178.125.65"]
[Date "2001.08.31"]
[Round "?"]
[White "Hossa"]
[Black "diep"]
[Result "0-1"]
[WhiteElo "2265"]
[BlackElo "2351"]
[PlyCount "157"]
[EventDate "2001.??.??"]

1. e4 c6 2. d4 d5 3. Nc3 b5 4. exd5 b4 5. Na4 cxd5 6. Bd3 Nc6 7. Nf3 Qa5 8. b3
Bg4 9. Be3 Nf6 10. h3 Bh5 11. Qe2 Nd7 12. g4 Bg6 13. Bb5 Rc8 14. Nh4 e6 15.
Nxg6 hxg6 16. O-O-O Bd6 17. Ba6 Rc7 18. Kb1 O-O 19. h4 Nb6 20. Nb2 e5 21. dxe5
Bxe5 22. h5 Bxb2 23. Kxb2 d4 24. Bd2 Ne5 25. Be1 d3 26. Bxd3 Nxd3+ 27. Rxd3
Rfc8 28. Rd2 Nd5 29. Qd1 g5 30. h6 gxh6 31. Ka1 Qa6 32. Rh3 Qf6+ 33. Kb1 Nc3+
34. Rxc3 bxc3 35. Rd3 Qb6 36. Qf3 Qb4 37. a4 a5 38. Qf6 Rc6 39. Qf3 Kg7 40. Re3
Qd4 41. Rd3 Qf6 42. Qh3 Qe5 43. Re3 Qd4 44. Rd3 Qb4 45. Qg3 Rc5 46. Qh3 R5c7
47. Re3 f6 48. Rd3 Kh7 49. Qf3 Qf4 50. Qd1 Kg6 51. Rd4 Qe5 52. f3 Qe6 53. Rd5
Re7 54. Bg3 Qe2 55. Qxe2 Rxe2 56. Rxa5 Rd8 57. Rc5 Rd1+ 58. Ka2 Rxc2+ 59. Ka3
Ra1+ 60. Kb4 Rg2 61. Be5 fxe5 62. Rc6+ Kf7 63. Rc7+ Ke6 64. Rxc3 Rg3 65. a5 e4
66. Re3 Rxf3 67. Rxe4+ Kd5 68. Re8 Rf4+ 69. Kb5 Rxg4 70. a6 Rg3 71. b4 Rga3 72.
Rd8+ Ke5 73. Kc4 Rxa6 74. Rh8 Ra8 75. Rh7 R1a7 76. Rxa7 Rxa7 77. Kd3 g4 78. b5
Rb7 79. Ke2 {Hossa resigns} 0-1

[Event "ICS rated blitz match"]
[Site "204.178.125.65"]
[Date "2001.08.31"]
[Round "?"]
[White "Croupier"]
[Black "Hossa"]
[Result "0-1"]
[WhiteElo "2200"]
[BlackElo "2527"]
[PlyCount "56"]
[EventDate "2001.??.??"]

1. d4 e6 2. Nc3 d5 3. e4 Bb4 4. exd5 exd5 5. Bd3 Nf6 6. Bg5 O-O 7. Nge2 Be6 8.
a3 Be7 9. Qd2 Re8 10. O-O c6 11. Rae1 Ng4 12. Bxe7 Rxe7 13. f3 Nf6 14. Nf4 Nbd7
15. Nxe6 fxe6 16. Qf4 e5 17. dxe5 Qb6+ 18. Kh1 Qc7 19. Bf5 Nxe5 20. Qh4 Rae8
21. b3 Qa5 22. Qb4 Qxb4 23. axb4 g6 24. Bh3 Nf7 25. Rxe7 Rxe7 26. g3 d4 27. Na4
Nd5 28. Nc5 Nxb4 {Croupier resigns} 0-1

[Event "ICS unrated blitz match"]
[Site "204.178.125.65"]
[Date "2001.08.31"]
[Round "?"]
[White "diep"]
[Black "Hossa"]
[Result "1-0"]
[WhiteElo "2847"]
[BlackElo "2531"]
[PlyCount "83"]
[EventDate "2001.??.??"]

1. d4 Nf6 2. Nf3 g6 3. g3 d6 4. Bg2 Bg7 5. O-O O-O 6. c4 c6 7. Nc3 Bg4 8. h3
Bd7 9. e4 Na6 10. Be3 Qc8 11. e5 dxe5 12. dxe5 Ne8 13. Qb3 Nec7 14. Rad1 Bxh3
15. Bxh3 Qxh3 16. Qxb7 Rab8 17. Qxc6 Rxb2 18. Bxa7 Rc2 19. Rc1 Rb2 20. Rb1 Rxb1
21. Rxb1 Qh5 22. Bd4 Qh3 23. Rb7 Rc8 24. Ra7 Bh6 25. Rxa6 Nxa6 26. Qxa6 Kf8 27.
c5 Rd8 28. c6 Rc8 29. Bc5 Rd8 30. Bxe7+ Kxe7 31. c7 Ke8 32. cxd8=Q+ Kxd8 33.
Qb6+ Ke8 34. Qb8+ Kd7 35. Qd6+ Kc8 36. Nd5 Qd7 37. Nb6+ Kb7 38. Nxd7 Be3 39.
fxe3 Kc8 40. Nc5 g5 41. Qd7+ Kb8 42. Qb7# {Hossa checkmated} 1-0

[Event "ICS rated blitz match"]
[Site "204.178.125.65"]
[Date "2001.08.31"]
[Round "?"]
[White "Hossa"]
[Black "Croupier"]
[Result "1-0"]
[WhiteElo "2531"]
[BlackElo "2191"]
[PlyCount "73"]
[EventDate "2001.??.??"]

1. e4 c6 2. d4 d5 3. Nd2 dxe4 4. Nxe4 Nf6 5. Ng3 e6 6. Nf3 c5 7. Bg5 Nc6 8.
dxc5 Qxd1+ 9. Rxd1 Bxc5 10. Bb5 Bd7 11. Bxf6 gxf6 12. Ne4 Be7 13. Ke2 f5 14.
Nd6+ Bxd6 15. Rxd6 Ke7 16. Rhd1 Rad8 17. Ke3 Bc8 18. Rxd8 Rxd8 19. Rxd8 Nxd8
20. h3 h6 21. Kd4 Kd6 22. Ne5 a6 23. Nc4+ Ke7 24. Nb6 axb5 25. Nxc8+ Kd7 26.
Na7 Nc6+ 27. Nxc6 bxc6 28. Kc5 e5 29. g3 h5 30. b3 Kc7 31. a4 bxa4 32. bxa4 f6
33. h4 e4 34. Kd4 Kd6 35. Ke3 c5 36. Kf4 Ke6 37. a5 {Croupier resigns} 1-0

[Event "ICS rated standard match"]
[Site "204.178.125.65"]
[Date "2001.08.31"]
[Round "?"]
[White "diep"]
[Black "Hossa"]
[Result "1/2-1/2"]
[WhiteElo "2334"]
[BlackElo "2253"]
[PlyCount "128"]
[EventDate "2001.??.??"]

1. d4 Nf6 2. Nf3 Nc6 3. d5 Nb8 4. Nc3 e6 5. e4 Bb4 6. dxe6 fxe6 7. e5 Nd5 8.
Bg5 Nxc3 9. bxc3 Be7 10. Bxe7 Qxe7 11. Bd3 O-O 12. O-O d6 13. Qe2 Nc6 14. Rab1
g6 15. Be4 d5 16. Bd3 Na5 17. Qe3 b6 18. Ng5 c5 19. Qg3 Bd7 20. Qh4 Qg7 21. f4
c4 22. Be2 h6 23. Nh3 Nc6 24. Bg4 Rf7 25. a3 Raf8 26. Rfe1 Nd8 27. Qg3 Nb7 28.
Qe3 Nc5 29. Qd4 Ba4 30. Qd2 Rd7 31. g3 Re7 32. Bf3 g5 33. Bg2 gxf4 34. Nxf4 Qg5
35. Qe2 Ref7 36. Rf1 Bc6 37. Rbe1 Bb7 38. Qf2 Ba8 39. Kh1 Bc6 40. Qe2 Rf5 41.
Rf3 Be8 42. Nh3 Qg6 43. Rxf5 Qxf5 44. Rf1 Qh5 45. Rxf8+ Kxf8 46. Qf1+ Kg8 47.
Qf6 Qg6 48. Qd8 Kh7 49. Nf4 Qf7 50. Bh3 Qd7 51. Nxe6 Nxe6 52. Bf5+ Kg8 53. Qf6
Bf7 54. Qxh6 a6 55. h4 a5 56. Bh7+ Kh8 57. Kh2 b5 58. Bf5+ Kg8 59. Kh1 Qe7 60.
Bh7+ Kh8 61. Be4+ Kg8 62. Bh7+ Kh8 63. Be4+ Kg8 64. Bh7+ Kh8 {
Game drawn by repetition} 1/2-1/2

[Event "ICS rated standard match"]
[Site "204.178.125.65"]
[Date "2001.08.31"]
[Round "?"]
[White "Hossa"]
[Black "AvernoX"]
[Result "1/2-1/2"]
[WhiteElo "2257"]
[BlackElo "2158"]
[PlyCount "300"]
[EventDate "2001.??.??"]

1. e4 e6 2. d4 d5 3. Nd2 c5 4. exd5 exd5 5. Bb5+ Bd7 6. Qe2+ Qe7 7. Bxd7+ Nxd7
8. dxc5 Nxc5 9. Ndf3 Qxe2+ 10. Nxe2 Nf6 11. Be3 Be7 12. O-O-O Nce4 13. Nf4 Rd8
14. Rhe1 g5 15. Nd3 Rg8 16. Nd4 Nd6 17. Nb3 Nc8 18. Bd4 Nh5 19. Nbc5 b6 20. Na6
Kf8 21. g4 Bf6 22. Be3 Ng7 23. Ndb4 Ne7 24. Nc7 d4 25. c3 a5 26. Nba6 Nc6 27.
cxd4 Nxd4 28. Rd2 Nge6 29. Nxe6+ fxe6 30. Bxd4 Rxd4 31. Rxe6 Kg7 32. Nc7 Rc4+
33. Rc2 Rxc2+ 34. Kxc2 Rc8 35. Rc6 Kf7 36. Kd3 Be5 37. Ne6 Rxc6 38. Nd8+ Kf6
39. Nxc6 Bxh2 40. Kc4 Bg1 41. f3 Ke6 42. a3 Kd6 43. Kb5 Bc5 44. b3 Bg1 45. a4
Bc5 46. Nb8 Bd4 47. Nc6 Bf2 48. b4 axb4 49. Nxb4 Bg1 50. Kc4 Bc5 51. Nd5 h6 52.
Nf6 Ke6 53. Ne4 Bg1 54. Kb5 Ke5 55. Ng3 Bf2 56. Ne2 Kd5 57. Kb4 Bc5+ 58. Kc3
Bd6 59. Nc1 Be5+ 60. Kd3 Bg7 61. Nb3 Ke5 62. Nd4 Bh8 63. Nc6+ Kf4 64. Ke2 Bf6
65. Kf2 Bg7 66. Ne7 Ke5 67. Ke2 Ke6 68. Nf5 Bf8 69. Kd3 Kd5 70. Kc3 Ke5 71. Nd4
Ba3 72. Ne2 Kd5 73. Kd3 Kc5 74. Nc3 Bb4 75. Ne4+ Kd5 76. Nf6+ Ke6 77. Ne8 Ke5
78. Ng7 Kf4 79. Ke2 Ba3 80. Nh5+ Ke5 81. Kd3 Bc5 82. Kc4 Bf2 83. Kc3 Bd4+ 84.
Kb4 Kd5 85. Ng3 Bg1 86. Kb5 Bf2 87. Nf5 Ke5 88. Nxh6 Kf4 89. Nf7 Bd4 90. Kc6
Be3 91. Nd6 Kxf3 92. Nc4 Bf2 93. Nxb6 Be1 94. Nd5 Kxg4 95. Kb5 Bf2 96. a5 Kf5
97. a6 g4 98. Nb6 g3 99. a7 g2 100. a8=Q g1=Q 101. Qf3+ Kg5 102. Nc4 Bd4 103.
Nd6 Qe3 104. Qf5+ Kh4 105. Ka4 Qe5 106. Qg6 Bb2 107. Ne4 Qg7 108. Qf5 Qa7+ 109.
Kb3 Bc1 110. Kc4 Be3 111. Kd3 Qd4+ 112. Ke2 Bh6 113. Qh7 Qe3+ 114. Kf1 Qf3+
115. Nf2 Kh5 116. Qh8 Qf7 117. Qe5+ Kg6 118. Qe4+ Qf5 119. Qc6+ Kh7 120. Qe8
Bg7 121. Qe7 Kg6 122. Ke2 Qc2+ 123. Kf3 Qc3+ 124. Kf4 Bh6+ 125. Kg4 Qc8+ 126.
Kg3 Qb8+ 127. Kg2 Qf4 128. Qe6+ Kh7 129. Ne4 Kg7 130. Ng3 Qd2+ 131. Kh3 Bg5
132. Nf5+ Kf8 133. Qe5 Bd8 134. Qg7+ Ke8 135. Qg6+ Kd7 136. Qf7+ Kc6 137. Qc4+
Kb7 138. Qb5+ Bb6 139. Qb3 Qe2 140. Qd5+ Ka6 141. Kh4 Qf2+ 142. Kg5 Bc5 143.
Kg6 Kb6 144. Qa8 Qc2 145. Kf6 Qc3+ 146. Ke6 Kc7 147. Qd5 Qe1+ 148. Kf7 Qg1 149.
Qa8 Qe1 150. Kf6 Bg1 {Game drawn by the 50 move rule} 1/2-1/2

[Event "ICS rated blitz match"]
[Site "204.178.125.65"]
[Date "2001.09.01"]
[Round "?"]
[White "Hossa"]
[Black "Deveraux"]
[Result "0-1"]
[WhiteElo "2535"]
[BlackElo "2697"]
[PlyCount "95"]
[EventDate "2001.??.??"]

1. e4 e5 2. Nf3 Nc6 3. Bb5 a6 4. Bxc6 dxc6 5. d3 Bd6 6. Qe2 Nf6 7. Nbd2 Bg4 8.
h3 Be6 9. d4 Nd7 10. dxe5 Nxe5 11. O-O O-O 12. Nxe5 Bxe5 13. Nf3 f6 14. Rd1 Qe8
15. Nd4 Rd8 16. c3 Bd7 17. Bd2 Qg6 18. Qd3 Rfe8 19. Qc4+ Kh8 20. Nf5 Bxf5 21.
exf5 Qxf5 22. Qb3 b5 23. Be3 Bd6 24. a4 Qe5 25. g3 Qh5 26. axb5 axb5 27. h4 Qf3
28. Ba7 f5 29. Qc2 f4 30. Rd3 Qe4 31. Rad1 Ra8 32. Bd4 c5 33. Bxc5 Bxc5 34. b4
Bb6 35. Kh2 c6 36. Qd2 fxg3+ 37. fxg3 Qg4 38. Re1 Bc7 39. Rde3 Bxg3+ 40. Rxg3
Qxh4+ 41. Kg2 Rxe1 42. Qxe1 Ra2+ 43. Qf2 Rxf2+ 44. Kxf2 Qf4+ 45. Rf3 Qd2+ 46.
Kf1 g5 47. Kg1 g4 48. Rf8+ {Hossa resigns} 0-1

[Event "ICS rated blitz match"]
[Site "204.178.125.65"]
[Date "2001.09.01"]
[Round "?"]
[White "Hossa"]
[Black "WICKER-MAN"]
[Result "1-0"]
[WhiteElo "2528"]
[BlackElo "2088"]
[PlyCount "47"]
[EventDate "2001.??.??"]

1. e4 e5 2. Nf3 d6 3. d4 Nf6 4. dxe5 Nxe4 5. Bd3 Nc5 6. O-O dxe5 7. Bb5+ Bd7 8.
Nxe5 Bxb5 9. Qxd8+ Kxd8 10. Nxf7+ Ke8 11. Nxh8 Bxf1 12. Kxf1 Nc6 13. Na3 Bd6
14. Bd2 Kf8 15. Nb5 Kg8 16. Be3 Ne6 17. Nxd6 cxd6 18. Rd1 Rd8 19. Re1 Nc7 20.
Bxa7 Nxa7 21. Re7 Nd5 22. Rxb7 Nc6 23. Nf7 Ne5 24. Nxd8 {WICKER-MAN resigns}
1-0

[Event "ICS rated blitz match"]
[Site "204.178.125.65"]
[Date "2001.09.01"]
[Round "?"]
[White "WICKER-MAN"]
[Black "Hossa"]
[Result "0-1"]
[WhiteElo "2086"]
[BlackElo "2530"]
[PlyCount "38"]
[EventDate "2001.??.??"]

1. e4 e6 2. d4 d5 3. Nc3 Bb4 4. e5 c5 5. Bd2 Ne7 6. Nb5 Bxd2+ 7. Qxd2 O-O 8.
Bd3 a6 9. Nd6 cxd4 10. Nf3 f6 11. h4 fxe5 12. Ng5 Qxd6 13. Bxh7+ Kh8 14. Qe2
Qb4+ 15. Kf1 Nd7 16. Qh5 Nf6 17. Bg6+ Nxh5 18. Bxh5 Qxb2 19. Re1 d3 {
WICKER-MAN resigns} 0-1

[Event "ICS rated blitz match"]
[Site "204.178.125.65"]
[Date "2001.09.01"]
[Round "?"]
[White "Hossa"]
[Black "WICKER-MAN"]
[Result "1-0"]
[WhiteElo "2532"]
[BlackElo "2084"]
[PlyCount "43"]
[EventDate "2001.??.??"]

1. e4 e5 2. Nf3 Nc6 3. Bb5 a6 4. Bxc6 dxc6 5. O-O Bg4 6. h3 h5 7. d3 Nf6 8.
hxg4 hxg4 9. Nxe5 Nxe4 10. Qxg4 Nf6 11. Qc4 Qe7 12. Re1 O-O-O 13. Bd2 Nd5 14.
Qg4+ Qe6 15. Qxe6+ fxe6 16. Nf7 Bd6 17. Bg5 Rdf8 18. Nxh8 Rxh8 19. Nc3 Bh2+ 20.
Kf1 Bd6 21. Nxd5 exd5 22. Ke2 {WICKER-MAN resigns} 1-0

[Event "ICS rated blitz match"]
[Site "204.178.125.65"]
[Date "2001.09.01"]
[Round "?"]
[White "Deveraux"]
[Black "Hossa"]
[Result "1-0"]
[WhiteElo "2727"]
[BlackElo "2534"]
[PlyCount "143"]
[EventDate "2001.??.??"]

1. d4 Nf6 2. Nc3 d5 3. Bf4 e6 4. e3 Bd7 5. Bd3 Nc6 6. Nf3 Nh5 7. Bg5 Be7 8.
Bxe7 Qxe7 9. g4 Nf6 10. g5 Ng8 11. Qe2 O-O-O 12. O-O-O Nb4 13. Ne5 Kb8 14. f4
f6 15. gxf6 gxf6 16. Nxd7+ Qxd7 17. Bb5 c6 18. a3 Nxc2 19. Ba4 Nxe3 20. Qxe3
Nh6 21. Bc2 Ng4 22. Qe2 Nh6 23. Rde1 Rde8 24. Rhg1 Qc7 25. Qe3 Reg8 26. Rg3 Ng4
27. Qd2 Qd6 28. h3 Nh6 29. Rxg8+ Rxg8 30. Bxh7 Rh8 31. Bd3 Nf7 32. Qe3 Nd8 33.
f5 exf5 34. Bxf5 Rg8 35. Kb1 Ka8 36. Qe7 Qg3 37. Rc1 Qg5 38. Qd7 a6 39. Ne2 Qe3
40. Rc2 Qf2 41. b3 Qe1+ 42. Kb2 Qf2 43. Bh7 Rf8 44. Bg6 Qe3 45. Bf5 Rg8 46. Qd6
Qg5 47. Bd7 Qg7 48. Bf5 Qg5 49. Bd7 Qg7 50. Rc3 Qg2 51. Re3 Qf2 52. Re7 Qe1 53.
Bf5 Rf8 54. Nc3 Qd2+ 55. Bc2 Rh8 56. Rd7 Ne6 57. Qxe6 Qxd4 58. Rf7 Qe5 59. Qd7
Rb8 60. Bd3 Qe3 61. Bf5 d4 62. Na4 Qe5 63. Bd3 Qe3 64. Bxa6 Qd2+ 65. Kb1 Qe1+
66. Ka2 Qf2+ 67. Nb2 Ka7 68. Bxb7 Qd2 69. Bc8+ Kb6 70. Qa7+ Kb5 71. Ba6+ Ka5
72. Bc4# {Hossa checkmated} 1-0

[Event "ICS rated blitz match"]
[Site "204.178.125.65"]
[Date "2001.09.01"]
[Round "?"]
[White "Hossa"]
[Black "nyul"]
[Result "1-0"]
[WhiteElo "2526"]
[BlackElo "2093"]
[PlyCount "38"]
[EventDate "2001.??.??"]

1. e4 e5 2. Nf3 Nc6 3. d4 exd4 4. Nxd4 d6 5. Nxc6 bxc6 6. Bd3 Nf6 7. O-O Be7 8.
Re1 O-O 9. Nc3 Be6 10. e5 dxe5 11. Rxe5 Bd6 12. Re1 Ng4 13. g3 Nxh2 14. Qh5 g6
15. Qxh2 Qf6 16. Ne4 Qg7 17. Qh4 h5 18. Nf6+ Kh8 19. Bg5 Rae8 {nyul resigns}
1-0

[Event "ICS rated blitz match"]
[Site "204.178.125.65"]
[Date "2001.09.01"]
[Round "?"]
[White "nyul"]
[Black "Hossa"]
[Result "1/2-1/2"]
[WhiteElo "2091"]
[BlackElo "2528"]
[PlyCount "64"]
[EventDate "2001.??.??"]

1. e4 e6 2. d4 d5 3. exd5 exd5 4. Bd3 Bd6 5. Nf3 Nf6 6. O-O O-O 7. Bg5 Re8 8.
Re1 Rxe1+ 9. Qxe1 Be6 10. Nbd2 Nc6 11. c3 Qe7 12. Nf1 h6 13. Bh4 Bg4 14. Qxe7
Bxe7 15. N1d2 g5 16. Bg3 Rc8 17. Ne5 Nxe5 18. Bxe5 Be6 19. Nb3 Nd7 20. Bg3 h5
21. h3 h4 22. Bh2 c6 23. Re1 b6 24. f4 gxf4 25. Bxf4 Kg7 26. Nd2 Re8 27. Nf3
Nf8 28. Ng5 Bd7 29. Nf3 Be6 30. Ng5 Bd7 31. Nf3 Be6 32. Ng5 Bd7 {
Game drawn by repetition} 1/2-1/2